01736nam a2200457 i 450000100060000000300080000600500170001400600190003100700150005000800410006502000180010602000270012403500230015103500240017403500250019803500220022304000310024505000230027608000150029908200160031410000370033024501230036726400390049030000580052933600310058733700330061833800430065149000200069450400290071458801260074359001640086965000300103365000280106365000140109165000270110565500270113279700190115983000210117885600620119999900170126162798FlNmELB20241217142303.0m o d | cr cnu||||||||150128s2009 sp a ob 000 0 spa d a9788497888325 a9788490294055 (e book) a(MiAaPQ)EBC3207948 a(Au-PeEL)EBL3207948 a(CaPaEBR)ebr10647213 a(OCoLC)1105473951 aFINmELBbspaerdacFINmELB 4aQA276.4bD277 2009 a001.42:0040 a001.4332231 aDíaz de Rada Iguzquiza, Vidal.10aAnálisis de datos de encuesta :bdesarrollo de una investigación completa utilizando SPSS /cVidal Díaz de Rada. 1aBarcelona :bEditorial UOC,c2009. a1 recurso en línea (331 páginas) :bilustraciones atextobtxt2rdacontent/spa acomputadorabc2rdamedia/spa arecurso en líneabcr2rdacarrier/spa1 aManuales ;v137 aContiene bibliografía. aDescripción basada en recurso en línea; Título de la página del título en PDF (e-libro, visto Januar 28, 2015). aRecurso electrónico. Santa Fe, Arg.: e-libro, 2015. Disponible vía World Wide Web. El acceso puede estar limitado para las bibliotecas afiliadas a e-libro. 0aSurveysxData processing. 0aSPSS (Computer program) 4aEncuesta. 4aPrograma de ordenador. 4aLibros electrónicos.2 ae-libro, Corp. 0aManuales ;v137.40uhttps://elibro.net/ereader/politecnicointernacional/56400 c62798d62798